Guess the random Taylor Swift Song Lyrics 44 - Statistics

General Stats
  • This quiz has been taken 9 times
  • The average score is 329 of 499
Answer Stats
Answer % Correct
a
100%
all
100%
All
100%
and
100%
And
100%
For
100%
for
100%
He
100%
he
100%
her"
100%
his
100%
I
100%
I'm
100%
it
100%
It's
100%
it's
100%
know
100%
me
100%
Me
100%
my
100%
No
100%
not
100%
of
100%
that
100%
the
100%
The
100%
Then
100%
to
100%
want
100%
was
100%
we
100%
We
100%
were
100%
when
100%
you
100%
You
100%
your
100%
"But
86%
but
86%
But
86%
ever
86%
good
86%
he's
86%
if
86%
If
86%
in
86%
just
86%
Just
86%
love
86%
this
86%
Too
86%
too
86%
"what
86%
Who
86%
with
86%
had
71%
him"
71%
him
71%
I'll
71%
is
71%
Now
71%
now
71%
on
71%
one
71%
say
71%
see
71%
tell
71%
they
71%
They
71%
about
57%
are
57%
baby
57%
back
57%
beat
57%
best
57%
can
57%
'cause
57%
come
57%
daddy
57%
does
57%
don't
57%
from
57%
girl
57%
heart
57%
I'd
57%
into
57%
life
57%
like
57%
mine
57%
more
57%
never
57%
only
57%
should
57%
some
57%
something
57%
Than
57%
their
57%
through
57%
Time
57%
true
57%
wanted
57%
Went
57%
won
57%
ain't
43%
at
43%
away
43%
bitching
43%
boy
43%
burn
43%
can't
43%
coming
43%
crazy
43%
Down
43%
down
43%
dress
43%
eyes
43%
faces
43%
fences
43%
forget
43%
fun
43%
give
43%
God
43%
gotta
43%
hate
43%
having
43%
heard
43%
how
43%
knows
43%
learned
43%
listen
43%
loves
43%
moaning
43%
much
43%
name
43%
pray
43%
rather
43%
right
43%
runnin'
43%
running
43%
Screaming
43%
second
43%
senses
43%
Soon
43%
still
43%
sun
43%
these
43%
unbuttoned
43%
up
43%
West
43%
whole
43%
above
29%
alone
29%
Bedroom
29%
cage
29%
came
29%
cater
29%
chaos
29%
choice
29%
city
29%
clothing
29%
Clutching
29%
convened
29%
creeps
29%
daughter
29%
destiny
29%
disgrace
29%
door
29%
dressed
29%
Dutiful
29%
elders
29%
'em
29%
empath's
29%
enough
29%
Even
29%
floor
29%
fuck
29%
Growing
29%
growing
29%
hall
29%
Hannahs
29%
high
29%
horse
29%
judgmental
29%
laid
29%
Lord
29%
means
29%
mess"
29%
most
29%
noise
29%
oh
29%
out
29%
over
29%
pearls
29%
people
29%
perspective
29%
plans
29%
precocious
29%
protested
29%
raise
29%
revelry
29%
rise
29%
saboteurs
29%
Sarahs
29%
save
29%
screeching
29%
sighing
29%
simple
29%
slammed
29%
soliloquies
29%
sometimes
29%
"Stay
29%
Sunday
29%
telling
29%
thing
29%
Thinking
29%
tires
29%
touches
29%
try
29%
vipers
29%
wedding
29%
what's
29%
white
29%
words
29%
world
29%
woven
29%
around
14%
braid
14%
brings
14%
change
14%
chemistry
14%
closer
14%
counteract
14%
dancing
14%
died
14%
doesn't
14%
fakest
14%
funny
14%
gray
14%
heat
14%
holding
14%
joy
14%
lady
14%
lot
14%
lovers
14%
moms
14%
parents
14%
performing
14%
pride
14%
remedy
14%
Sanctimoniously
14%
Scandal
14%
smiles
14%
Tendrils
14%
There's
14%
things
14%
town
14%
tucked
14%
undo
14%
upon
14%
wild
14%
wine
14%
Bestow
0%
No matching quizzes found
Score Distribution
Percent of People with Each Score
Percentile by Number Answered
Your Score History
You have not taken this quiz